000 00567nam a2200193Ia 4500
005 20250508164644.0
008 008 250505s9999 xx 000 0 eng d
020 _a81-85938-88-1
037 _aTextual
040 _aFEDL
_beng
_cFEDL
041 _aeng
_2eng
084 _a305, ASI
_qFEDL
245 0 _aPeople of India: Tamil Nadu. Vol 40. 3 Parts
245 0 _cANTHROPOLOGICAL SURVEY OF INDIA
260 _aMadars, India
_bAffiliated East-West Press Pvt Ltd
_c1997
365 _aINR
_b1850
942 _cTEXL
_h305, ASI
999 _c1390380
_d1390380